书目信息 |
| 题名: |
怎样练习花样滑冰
|
|
| 作者: | 沈祖修 编 | |
| 分册: | ||
| 出版信息: | 北京 人民体育出版社 1981 |
|
| 页数: | 92页 | |
| 开本: | 19cm | |
| 丛书名: | ||
| 单 册: | ||
| 中图分类: | G862.2 | |
| 科图分类: | ||
| 主题词: | 冰上运动 , 雪上运动 , 水上运动 | |
| 电子资源: | ||
| ISBN: | ||
| 000 | 00668nam0 2200253 45 | |
| 001 | 0181008799 | |
| 005 | 20060517094246.03 | |
| 010 | @dCNY0.26 | |
| 091 | @a7015.1982 | |
| 100 | @a19950630d1981 em y0chiy0121 ea | |
| 101 | 0 | @achi |
| 102 | @aCN@b110000 | |
| 105 | @ay z 000yy | |
| 200 | 10 | @a怎样练习花样滑冰@Azen yang lian xi hua yang hua bing@f沈祖修编@Fshen zu xiu bian |
| 210 | @a北京@c人民体育出版社@d1981 | |
| 215 | @a92页@d19cm | |
| 606 | 0 | @a冰上运动 |
| 606 | 0 | @a雪上运动 |
| 606 | 0 | @a水上运动 |
| 690 | @aG862.2@v4 | |
| 701 | 0 | @a沈祖修@Ashen zu xiu@4编 |
| 801 | 2 | @aCN@bNLC@c20060517 |
| 801 | 0 | @aCN@b上海图书馆@c20040507 |
| 905 | @dG862.2@e7 | |
| 怎样练习花样滑冰/沈祖修编.-北京:人民体育出版社,1981 |
| 92页;19cm |
| ISBN :CNY0.26 |
| ● |
| 相关链接 |
|
|
|
|
正题名:怎样练习花样滑冰
索取号:G862.2/7
 
预约/预借
| 序号 | 登录号 | 条形码 | 馆藏地/架位号 | 状态 | 备注 |
| 1 | 0148792 | 000306957 | 密集书库/ [索取号:G862.2/7] | 在馆 | |
| 2 | 0148793 | 000991172 | 第一样本阅览室/ [索取号:G862.2/7] | 在馆 | |
| 3 | 0148794 | 202352943 | 密集书库/ [索取号:G862.2/7] | 在馆 | |
| 4 | 0212778 | 000991181 | 第四借阅区/ [索取号:G862.2/7] | 在馆 | |
| 5 | 0212779 | 000991190 | 密集书库/ [索取号:G862.2/7] | 在馆 |